Napoli Squad 2018-2019 - Statistics

General Stats
  • This quiz has been taken 74 times
  • The average score is 19 of 25
Answer Stats
Ruolo Giocatore Nazionalità % Correct
GK David Ospina Colombia
100%
ST Dries Mertens Belgium
96%
CB Kalidou Koulibaly Senegal
96%
W Lorenzo Insigne Italy
95%
ST Arkadiusz Milik Poland
93%
CM Allan Brazil
89%
LB Mário Rui Portugal
89%
LB Faouzi Ghoulam Algeria
88%
W José Callejon Spain
88%
RB Elseid Hysaj Albania
86%
CM Marek Hamšík Slovakia
86%
CB Raúl Albiol Spain
86%
CM Piotr Zieliński Poland
84%
GK Alex Meret Italy
77%
CM Fabián Ruiz Spain
74%
GK Orestis Karnezis Greece
67%
CB Nikola Maksimović Serbia
65%
CM Amadou Diawara Guinea
63%
CB Vlad Chiriches Romania
63%
W Adam Ounas Algeria
60%
RB Kévin Malcuit France
60%
CM Marko Rog Croatia
56%
W Amin Younes Germany
54%
W Simone Verdi Italy
47%
ST Vinícius Brazil
18%
No matching quizzes found
Score Distribution
Percent of People with Each Score
Percentile by Number Answered
Your Score History
You have not taken this quiz